000 01151nam a2200217 a 4500
001 BS0003441
003 BR-BrBNA
005 20231110140542.0
008 230308b |||||||| |||| 00| 0 por d
040 _aBR-BrBNA
_bpor
_cBiblioteca Nacional de Agricultura
041 _apor
072 _aU00
090 _aU00
_bBS0003441
100 1 _aViggiano, Alan
245 1 _aMil piadas de salão /
260 3 _aBrasília, DF:
_bAlan Viggiano,
_c1993.
300 _a360 p.
520 3 _aAlan Viggiano nasceu em Inhapim. Pela primeira vez uma cidade fica famosa pelo seu filho. Alan, portanto, é mineiro do Leste, Zona da Mata. Viggiano são seus ancestrais da lendária Itália. Alan é poeta, romancista e ensaísta. Alan, antes de tudo é um roseano, pela sua paixão por Guimarães Rosa. Alan foi trinta anos taquígrafo do Senado. Acompanhou a História do Brasil, de Brasília, até o presente momento. De tanto ouvir discursos, tomou-se um perito nesse ramo literário. Não gosta de falar, mas escreve. É sério como o Diabo, mas faz piada. Com esse Dicionedotário o Brasil vai viver de rir: ele também.
650 _aHUMOR
942 _cBK
_2AGRIS
999 _c8503
_d8503